000 00504nam a2200193 a 4500
001 1771297720653
003 YourLibrary
005 20260217084031.0
008 260217s2008##################000#0#eng##
020 _a9780745636900
082 0 4 _a330.122
_bDUF
100 1 _aDufour, Dany-Robert,
_eauthor.
245 1 0 _aThe Art of Shrinking Heads :
260 _bPolity,
_c2008.
300 _a201 pages
650 0 _aBusiness & Economics.
942 _cENGLISH
040 _aYourLibrary
_beng
_cYourLibrary
999 _c612888
_d612888